Oil and Development in the Gulf (Record no. 2327)
[ view plain ]
| 000 -LEADER | |
|---|---|
| fixed length control field | 00340nam a22001337a 4500 |
| 008 - FIXED-LENGTH DATA ELEMENTS--GENERAL INFORMATION | |
| fixed length control field | 250314b |||||||| |||| 00| 0 eng d |
| 020 ## - INTERNATIONAL STANDARD BOOK NUMBER | |
| ISBN | 0719544998 |
| 100 ## - MAIN ENTRY--AUTHOR | |
| Author | MCLACHIAN, Keith |
| 245 ## - TITLE STATEMENT | |
| Title | Oil and Development in the Gulf |
| 260 ## - PUBLICATION, DISTRIBUTION, ETC. (IMPRINT) | |
| Place of publication | London |
| Name of publisher | John Murray Publishers |
| Date of publication | 1989 |
| 300 ## - COLLATION | |
| Pagination | v, 58p. |
| 942 ## - ADDED ENTRY ELEMENTS (KOHA) | |
| Item type | Books |
| 050 ## - LIBRARY OF CONGRESS CALL NUMBER | |
| Classification number | HC415.5 |
| Item number | .M35 |
| Source of classification or shelving scheme | Not for loan | Permanent location | Current location | Date acquired | Accession No. | Full call number | Barcode. | Koha item type |
|---|---|---|---|---|---|---|---|---|
| Library of Congress Classification | Samuel Ogbemudia Main Library, University of Abuja | Samuel Ogbemudia Main Library, University of Abuja | 03/14/2025 | 93/011623 | HC415.5.M35 | 2025-0595 | Books |